|
|
|
|
| LEADER |
01749nam a2200409 a 4500 |
| 001 |
000605374 |
| 003 |
CZ BrMZK |
| 005 |
20091113104138.0 |
| 007 |
ta |
| 008 |
020610s2002 xr f m cze d |
| 015 |
|
|
|a cnb001124089
|
| 020 |
|
|
|a 80-214-2133-9
|
| 035 |
|
|
|a (OCoLC)51191871
|
| 040 |
|
|
|a BOA001
|b cze
|
| 072 |
|
7 |
|a 620.1/.2
|x Nauka o materiálu
|2 Konspekt
|9 19
|
| 080 |
|
|
|a 620.179
|2 MRF
|
| 080 |
|
|
|a 621.38
|2 MRF
|
| 080 |
|
|
|a (043.5)
|2 MRF
|
| 080 |
|
|
|a (048.3)
|2 MRF
|
| 100 |
1 |
|
|a Grmela, Lubomír,
|d 1958-
|7 mzk2002112590
|4 aut
|
| 245 |
1 |
0 |
|a Experimentální metody nedestruktivního testování elektronických součástek a materiálů :
|b zkrácená verze habilitační práce /
|c Lubomír Grmela
|
| 246 |
3 |
1 |
|a Experimental methods of non-destructive testing of electronic devices and materials
|
| 260 |
|
|
|a Brno :
|b Vysoké učení technické,
|c 2002
|
| 300 |
|
|
|a 35 s. :
|b il. ;
|c 24 cm
|
| 490 |
1 |
|
|a Vědecké spisy Vysokého učení technického v Brně. Habilitační a inaugurační spisy ;
|v sv. 90
|
| 500 |
|
|
|a Souběžný anglický název
|
| 500 |
|
|
|a Anglické resumé
|
| 504 |
|
|
|a Obahuje bibliografii
|
| 650 |
0 |
7 |
|a nedestruktivní zkoušení materiálů
|7 ph123190
|2 czenas
|
| 650 |
0 |
7 |
|a elektronické součástky
|7 ph114452
|2 czenas
|
| 655 |
|
7 |
|a habilitační práce
|7 fd185153
|2 czenas
|
| 655 |
|
7 |
|a teze
|7 fd133701
|2 czenas
|
| 710 |
2 |
|
|a Vysoké učení technické v Brně.
|b Fakulta elektrotechniky a komunikačních technologií
|7 kn20020808070
|
| 830 |
|
0 |
|a Vědecké spisy Vysokého učení technického v Brně.
|p Habilitační a inaugurační spisy
|
| 910 |
|
|
|a BOA001
|b 2-1104.202
|
| 990 |
|
|
|a BK
|
| 996 |
6 |
|
|b 2610162772
|c 2-1104.202
|l MZK
|r Sklad / do 1 hodiny
|n 3
|p p.v.
|w 000605374
|u 000010
|a 1
|e BOA001
|j MZK50
|s P
|